Methods in enzymology

Wedi'i Gadw mewn:
Manylion Llyfryddiaeth
Prif Awduron: Colowick, Sidney P (Awdur), Kaplan, Nathan O (Awdur)
Fformat: Llyfr
Iaith:Saesneg
Cyhoeddwyd: Nueva York Academic 1967
Pynciau:
Tagiau: Ychwanegu Tag
Dim Tagiau, Byddwch y cyntaf i dagio'r cofnod hwn!

MARC

LEADER 00000cam a2200000 a 4500
001 UCU4086
003 CL-VaPUC
008 960517e19670000US |||||||||||||||||eng|d
082 0 4 |a 572.7  |b COL  |2 21 
100 0 |a Colowick, Sidney P  |e author  |9 361501 
700 0 |a Kaplan, Nathan O  |e author  |9 361502 
245 1 0 |a Methods in enzymology 
300 |a v 
942 |c BK 
945 |d 19960517 00:00:00  |a paguirre 
260 |a Nueva York  |b Academic  |c 1967 
500 |a v.11: Enzyme structure 
500 |a v.12 p.1-2: Nucleic acids 
500 |a v.19: Proteolytic enzymes 
500 |a v.22: Enzyme purification and related techniques 
500 |a v.25 p.2-3-4: Enzyme structure 
500 |a v.34: Affinity techniques: enzyme purification part b 
500 |a v.43: Antibiotics 
500 |a v.44: Immobilized enzymes 
500 |a v.47 p.5: Enzyme structure 
500 |a v.48 p.6: Enzyme structure 
500 |a v.49 p.7: Enzyme structure 
500 |a v.61 p.8: Enzyme structure 
500 |a v.63 p.1: Enzyme kinetics an mechanism. Initial rate inhibitor methods 
500 |a v.80 p.3: Proteolytic enzymes 
500 |a v.91 p.1: Enzyme structure 
500 |a v.104 p.3: Enzyme purification and related techniques 
500 |a v.246: Biochemical spectroscopy 
500 |a v.278: Fluorescence spectroscopy 
650 0 |a Enzimas  |9 262984 
650 7 |a ENZIMOLOGIA  |2 CL-VaPUC  |9 263051 
650 7 |a PRODUCTOS BIOLOGICOS  |2 CL-VaPUC  |9 361153 
650 0 |a Cromatografía   |9 263967 
650 7 |a COENZIMAS  |2 CL-VaPUC  |9 361503 
650 0 |a Antibióticos  |9 263034 
583 |a last modification  |c 20181004 02:47:21  |k Rodrigo Vera 
999 |c 247910  |d 247908 
952 |0 0  |1 0  |4 0  |6 572_700000000000000_COL_1967  |7 0  |8 A  |9 264138  |a BIBING  |b BIBING  |d 2019-11-19  |h v.34  |i 1659618  |o 572.7 COL 1967  |p 1659618  |r 2025-01-20  |w 2019-11-19  |y BK  |k EIB 
952 |0 0  |1 0  |4 0  |6 572_700000000000000_COL_1967  |7 0  |8 A  |9 264139  |a BIBING  |b BIBING  |d 2019-11-19  |h v.22  |i 1659049  |o 572.7 COL 1967  |p 1659049  |r 2025-01-20  |w 2019-11-19  |y BK  |k EIB 
952 |0 0  |1 0  |4 0  |6 572_700000000000000_COL_1967  |7 0  |8 A  |9 264140  |a BIBING  |b BIBING  |d 2019-11-19  |h v.43  |i 1659871  |o 572.7 COL 1967  |p 1659871  |r 2025-01-20  |w 2019-11-19  |y BK  |k EIB